Statistics for Every England Goalscorer Under Gareth Southgate

Click here to take the quiz!

General Stats

  • This quiz has been taken 128 times
    (44 since last reset)
  • The average score is 151 of 189

Answer Stats

CompetitionDatePlayerScoreOpposition% Correct
UEFA Euro 2024 Qualifying19 June 2023Harry Kane7-0North Macedonia
97%
UEFA Euro 2020 Qualifying14 November 2019Harry Kane5-0Montenegro
97%
UEFA Euro 2020 Qualifying22 March 2019Harry Kane2-0Czech Republic
97%
2022-23 UEFA Nations League26 September 2022Harry Kane3-2Germany
97%
UEFA Euro 2020 Qualifying25 March 2019Harry Kane4-1Montenegro
97%
UEFA Euro 2020 Qualifying7 September 2019Harry Kane1-0Bulgaria
97%
2022 FIFA World Cup Qualifying2 September 2021Harry Kane2-0Hungary
97%
UEFA Euro 2020 Qualifying7 September 2019Harry Kane4-0Bulgaria
97%
UEFA Euro 2020 Qualifying10 September 2019Harry Kane2-1Kosovo
97%
2022-23 UEFA Nations League7 June 2022Harry Kane1-1Germany
97%
Friendly26 March 2022Harry Kane2-1Switzerland
97%
UEFA Euro 2020 Qualifying11 October 2019Harry Kane1-0Czech Republic
97%
UEFA Euro 2020 Qualifying14 October 2019Harry Kane6-0Bulgaria
97%
2022 FIFA World Cup Qualifying15 November 2021Harry Kane6-0San Marino
97%
UEFA Euro 2020 Qualifying14 November 2019Harry Kane2-0Montenegro
97%
UEFA Euro 2020 Qualifying14 November 2019Harry Kane3-0Montenegro
97%
2022 FIFA World Cup Qualifying15 November 2021Harry Kane5-0San Marino
97%
2018 FIFA World Cup3 July 2018Harry Kane1-0Colombia
97%
2022 FIFA World Cup Qualifying15 November 2021Harry Kane4-0San Marino
97%
2022 FIFA World Cup Qualifying15 November 2021Harry Kane3-0San Marino
97%
UEFA Euro 2020 Qualifying17 November 2019Harry Kane2-0Kosovo
97%
2022 FIFA World Cup Qualifying12 November 2021Harry Kane5-0Albania
97%
2022 FIFA World Cup Qualifying12 November 2021Harry Kane4-0Albania
97%
2022 FIFA World Cup Qualifying12 November 2021Harry Kane2-0Albania
97%
2022 FIFA World Cup Qualifying8 September 2021Harry Kane1-0Poland
97%
2022 FIFA World Cup Qualifying5 September 2021Harry Kane2-0Andorra
97%
2022 FIFA World Cup Qualifying28 March 2021Harry Kane1-0Albania
97%
2022 FIFA World Cup Qualifying31 March 2021Harry Kane1-0Poland
97%
UEFA Euro 202029 June 2021Harry Kane2-0Germany
97%
UEFA Euro 20203 July 2021Harry Kane1-0Ukraine
97%
UEFA Euro 20203 July 2021Harry Kane3-0Ukraine
97%
UEFA Euro 20207 July 2021Harry Kane2-1Denmark
97%
2018–19 UEFA Nations League18 November 2018Harry Kane2-1Croatia
97%
UEFA Euro 2020 Qualifying7 September 2019Harry Kane2-0Bulgaria
97%
2018 FIFA World Cup24 June 2018Harry Kane6-0Panama
97%
Friendly13 June 2017Harry Kane1-0France
97%
2018 FIFA World Cup Qualifying8 October 2017Harry Kane1-0Lithuania
97%
2018 FIFA World Cup Qualifying5 October 2017Harry Kane1-0Slovenia
97%
2018 FIFA World Cup24 June 2018Harry Kane5-0Panama
97%
2018 FIFA World Cup18 June 2018Harry Kane1-0Tunisia
97%
2018 FIFA World Cup18 June 2018Harry Kane2-1Tunisia
97%
2022 FIFA World Cup10 December 2022Harry Kane1-1France
97%
2018 FIFA World Cup Qualifying1 September 2017Harry Kane4-0Malta
97%
UEFA Euro 2024 Qualifying23 March 2023Harry Kane2-0Italy
97%
2018 FIFA World Cup24 June 2018Harry Kane2-0Panama
97%
2018 FIFA World Cup Qualifying1 September 2017Harry Kane1-0Malta
97%
2022 FIFA World Cup4 December 2022Harry Kane2-0Senegal
97%
Friendly13 June 2017Harry Kane2-2France
97%
Friendly2 June 2018Harry Kane2-0Nigeria
97%
UEFA Euro 2024 Qualifying26 March 2023Harry Kane1-0Ukraine
97%
2018 FIFA World Cup Qualifying10 June 2017Harry Kane2-2Scotland
97%
UEFA Euro 2024 Qualifying16 June 2023Harry Kane3-0Malta
97%
UEFA Euro 2024 Qualifying19 June 2023Harry Kane1-0North Macedonia
97%
2022 FIFA World Cup21 November 2022Jude Bellingham1-0Iran
97%
2022 FIFA World Cup Qualifying12 November 2021Harry Maguire1-0Albania
92%
2022 FIFA World Cup Qualifying15 November 2021Harry Maguire1-0San Marino
92%
Friendly12 November 2020Harry Maguire1-0Ireland
92%
2022 FIFA World Cup Qualifying31 March 2021Harry Maguire2-1Poland
92%
UEFA Euro 20203 July 2021Harry Maguire2-0Ukraine
92%
2022 FIFA World Cup Qualifying2 September 2021Harry Maguire3-0Hungary
92%
2018 FIFA World Cup7 July 2018Harry Maguire1-0Sweden
92%
UEFA Euro 2020 Qualifying17 November 2019Marcus Rashford3-0Kosovo
92%
UEFA Euro 2020 Qualifying14 November 2019Marcus Rashford4-0Montenegro
92%
Friendly6 June 2021Marcus Rashford1-0Romania
92%
UEFA Euro 2024 Qualifying19 June 2023Marcus Rashford3-0North Macedonia
92%
UEFA Euro 2020 Qualifying14 October 2019Marcus Rashford1-0Bulgaria
92%
2020–21 UEFA Nations League11 October 2020Marcus Rashford1-1Belgium
92%
2018 FIFA World Cup Qualifying4 September 2017Marcus Rashford2-1Slovakia
92%
2018–19 UEFA Nations League6 June 2019Marcus Rashford1-0Netherlands
92%
Friendly7 June 2018Marcus Rashford1-0Costa Rica
92%
2022 FIFA World Cup29 November 2022Marcus Rashford1-0Wales
92%
2018–19 UEFA Nations League8 September 2018Marcus Rashford1-0Spain
92%
2022 FIFA World Cup21 November 2022Marcus Rashford5-1Iran
92%
2022 FIFA World Cup29 November 2022Marcus Rashford3-0Wales
92%
Friendly11 September 2018Marcus Rashford1-0Switzerland
92%
2018–19 UEFA Nations League15 October 2018Marcus Rashford2-0Spain
92%
UEFA Euro 2024 Qualifying23 March 2023Declan Rice1-0Italy
89%
2020–21 UEFA Nations League18 November 2020Declan Rice1-0Iceland
89%
2022 FIFA World Cup Qualifying2 September 2021Declan Rice4-0Hungary
89%
2022 FIFA World Cup21 November 2022Jack Grealish6-1Iran
89%
2022 FIFA World Cup Qualifying9 October 2021Jack Grealish5-0Andorra
89%
2022 FIFA World Cup Qualifying12 October 2021John Stones1-1Hungary
89%
2018 FIFA World Cup24 June 2018John Stones1-0Panama
89%
2018 FIFA World Cup24 June 2018John Stones4-0Panama
89%
2018–19 UEFA Nations League15 October 2018Raheem Sterling1-0Spain
89%
2018–19 UEFA Nations League15 October 2018Raheem Sterling3-0Spain
89%
2022 FIFA World Cup Qualifying25 March 2021Raheem Sterling3-0San Marino
89%
UEFA Euro 202013 June 2021Raheem Sterling1-0Croatia
89%
UEFA Euro 202022 June 2021Raheem Sterling1-0Czech Republic
89%
UEFA Euro 202029 June 2021Raheem Sterling1-0Germany
89%
Friendly29 March 2022Raheem Sterling2-0Ivory Coast
89%
2022 FIFA World Cup Qualifying2 September 2021Raheem Sterling1-0Hungary
89%
2022 FIFA World Cup21 November 2022Raheem Sterling3-0Iran
89%
2020–21 UEFA Nations League5 September 2020Raheem Sterling1-0Iceland
89%
UEFA Euro 2020 Qualifying10 September 2019Raheem Sterling1-1Kosovo
89%
UEFA Euro 2020 Qualifying7 September 2019Raheem Sterling3-0Bulgaria
89%
UEFA Euro 2020 Qualifying25 March 2019Raheem Sterling5-1Montenegro
89%
UEFA Euro 2020 Qualifying22 March 2019Raheem Sterling4-0Czech Republic
89%
UEFA Euro 2020 Qualifying22 March 2019Raheem Sterling3-0Czech Republic
89%
UEFA Euro 2020 Qualifying14 October 2019Raheem Sterling5-0Bulgaria
89%
UEFA Euro 2020 Qualifying22 March 2019Raheem Sterling1-0Czech Republic
89%
UEFA Euro 2020 Qualifying14 October 2019Raheem Sterling4-0Bulgaria
89%
2022 FIFA World Cup Qualifying9 October 2021Bukayo Saka2-0Andorra
87%
2022 FIFA World Cup Qualifying15 November 2021Bukayo Saka10-0San Marino
87%
UEFA Euro 2024 Qualifying19 June 2023Bukayo Saka2-0North Macedonia
87%
UEFA Euro 2024 Qualifying26 March 2023Bukayo Saka2-0Ukraine
87%
UEFA Euro 2024 Qualifying19 June 2023Bukayo Saka4-0North Macedonia
87%
2022 FIFA World Cup21 November 2022Bukayo Saka2-0Iran
87%
2022 FIFA World Cup21 November 2022Bukayo Saka4-0Iran
87%
Friendly2 June 2021Bukayo Saka1-0Austria
87%
UEFA Euro 2024 Qualifying19 June 2023Bukayo Saka5-0North Macedonia
87%
2022 FIFA World Cup4 December 2022Bukayo Saka3-0Senegal
87%
2022 FIFA World Cup Qualifying5 September 2021Bukayo Saka4-0Andorra
87%
UEFA Euro 20203 July 2021Jordan Henderson4-0Ukraine
87%
2022 FIFA World Cup4 December 2022Jordan Henderson1-0Senegal
87%
2022 FIFA World Cup Qualifying12 November 2021Jordan Henderson3-0Albania
87%
2020–21 UEFA Nations League18 November 2020Phil Foden4-0Iceland
87%
2020–21 UEFA Nations League18 November 2020Phil Foden3-0Iceland
87%
2022 FIFA World Cup29 November 2022Phil Foden2-0Wales
87%
Friendly26 March 2022Luke Shaw1-1Switzerland
84%
UEFA Euro 202011 July 2021Luke Shaw1-0Italy
84%
2022-23 UEFA Nations League26 September 2022Luke Shaw1-2Germany
84%
Friendly15 November 2018Trent Alexander-Arnold2-0United States
82%
Friendly12 November 2020Jadon Sancho2-0Ireland
79%
UEFA Euro 2020 Qualifying10 September 2019Jadon Sancho4-1Kosovo
79%
UEFA Euro 2020 Qualifying10 September 2019Jadon Sancho5-1Kosovo
79%
2022 FIFA World Cup Qualifying28 March 2021Mason Mount2-0Albania
79%
2022-23 UEFA Nations League26 September 2022Mason Mount2-2Germany
79%
2020–21 UEFA Nations League18 November 2020Mason Mount2-0Iceland
79%
2020–21 UEFA Nations League11 October 2020Mason Mount2-1Belgium
79%
UEFA Euro 2020 Qualifying17 November 2019Mason Mount4-0Kosovo
79%
UEFA Euro 2024 Qualifying16 June 2023Trent Alexander-Arnold2-0Malta
79%
2018 FIFA World Cup11 July 2018Kieran Trippier1-0Croatia
76%
UEFA Euro 2024 Qualifying19 June 2023Kalvin Phillips6-0North Macedonia
71%
2018 FIFA World Cup7 July 2018Dele Alli2-0Sweden
68%
2018 FIFA World Cup Qualifying8 October 2016Dele Alli2-0Malta
68%
2018 FIFA World Cup Qualifying4 September 2017Eric Dier1-1Slovakia
68%
2022 FIFA World Cup Qualifying25 March 2021Ollie Watkins5-0San Marino
68%
Friendly29 March 2022Ollie Watkins1-0Ivory Coast
68%
Friendly15 November 2018Callum Wilson3-0United States
66%
UEFA Euro 2024 Qualifying16 June 2023Callum Wilson4-0Malta
66%
Friendly23 March 2018Jesse Lingard1-0Netherlands
63%
2018 FIFA World Cup24 June 2018Jesse Lingard3-0Panama
63%
Friendly15 November 2018Jesse Lingard1-0United States
63%
2018–19 UEFA Nations League18 November 2018Jesse Lingard1-1Croatia
63%
2022 FIFA World Cup Qualifying5 September 2021Jesse Lingard3-0Andorra
63%
2022 FIFA World Cup Qualifying5 September 2021Jesse Lingard1-0Andorra
63%
2022 FIFA World Cup Qualifying9 October 2021Ben Chilwell1-0Andorra
61%
Friendly8 October 2020Dominic Calvert-Lewin1-0Wales
61%
Friendly12 November 2020Dominic Calvert-Lewin3-0Ireland
61%
2022 FIFA World Cup Qualifying25 March 2021Dominic Calvert-Lewin2-0San Marino
61%
2022 FIFA World Cup Qualifying25 March 2021Dominic Calvert-Lewin4-0San Marino
61%
2022 FIFA World Cup Qualifying15 November 2021Tyrone Mings8-0San Marino
61%
Friendly29 March 2022Tyrone Mings3-0Ivory Coast
61%
Friendly15 November 2016Adam Lallana1-0Spain
58%
2018 FIFA World Cup Qualifying11 November 2016Adam Lallana2-0Scotland
58%
2018 FIFA World Cup Qualifying11 November 2016Daniel Sturridge1-0Scotland
58%
2018 FIFA World Cup Qualifying8 October 2016Daniel Sturridge1-0Malta
58%
2018 FIFA World Cup Qualifying1 September 2017Danny Welbeck3-0Malta
58%
Friendly7 June 2018Danny Welbeck2-0Costa Rica
58%
Friendly15 November 2016Jamie Vardy2-0Spain
58%
Friendly27 March 2018Jamie Vardy1-0Italy
58%
2018 FIFA World Cup Qualifying26 March 2017Jamie Vardy2-0Lithuania
58%
Friendly8 October 2020Conor Coady2-0Wales
55%
2022 FIFA World Cup Qualifying15 November 2021Emile Smith Rowe7-0San Marino
55%
2022 FIFA World Cup Qualifying9 October 2021Tammy Abraham3-0Andorra
53%
2022 FIFA World Cup Qualifying15 November 2021Tammy Abraham9-0San Marino
53%
UEFA Euro 2020 Qualifying14 November 2019Tammy Abraham7-0Montenegro
53%
UEFA Euro 2020 Qualifying25 March 2019Ross Barkley3-1Montenegro
50%
UEFA Euro 2020 Qualifying25 March 2019Ross Barkley2-1Montenegro
50%
UEFA Euro 2020 Qualifying14 October 2019Ross Barkley2-0Bulgaria
50%
UEFA Euro 2020 Qualifying14 October 2019Ross Barkley3-0Bulgaria
50%
2022 FIFA World Cup Qualifying25 March 2021James Ward-Prowse1-0San Marino
45%
2022 FIFA World Cup Qualifying9 October 2021James Ward-Prowse4-0Andorra
45%
UEFA Euro 2020 Qualifying17 November 2019Harry Winks1-0Kosovo
42%
Friendly8 October 2020Danny Ings3-0Wales
39%
Friendly2 June 2018Gary Cahill1-0Nigeria
37%
2018 FIFA World Cup Qualifying11 November 2016Gary Cahill3-0Scotland
37%
UEFA Euro 20207 July 2021Simon Kjaer (OG)1-1Denmark
37%
UEFA Euro 2020 Qualifying22 March 2019Tomas Kalas (OG)5-0Czech Republic
37%
UEFA Euro 2020 Qualifying14 November 2019Aleksandar Sofranac (OG)6-0Montenegro
34%
UEFA Euro 2024 Qualifying16 June 2023Ferdinando Apap (OG)1-0Malta
34%
2022 FIFA World Cup Qualifying15 November 2021Filippo Fabri (OG)2-0San Marino
34%
UEFA Euro 2020 Qualifying10 September 2019Mergim Vojvoda (OG)3-1Kosovo
34%
UEFA Euro 2020 Qualifying25 March 2019Michael Keane1-1Montenegro
34%
2018 FIFA World Cup Qualifying26 March 2017Jermain Defoe1-0Lithuania
32%
2018 FIFA World Cup Qualifying10 June 2017Alex Oxlade-Chamberlain1-0Scotland
26%
UEFA Euro 2020 Qualifying14 November 2019Alex Oxlade-Chamberlain1-0Montenegro
26%
2018 FIFA World Cup Qualifying1 September 2017Ryan Bertrand2-0Malta
18%

Score Distribution

Percentile by Number Answered

Percent of People with Each Score

Your Score History

You have not taken this quiz since the last reset